| 000 | 00771cam a2200229 4500 | ||
|---|---|---|---|
| 001 | 000010782 | ||
| 005 | 20240509185222.0 | ||
| 008 | 720504s1966 nyua 001 0 eng | ||
| 010 | _a71174617 | ||
| 040 |
_aDO-SdBNP _cDLC _dDLC |
||
| 082 |
_a301 _bJ54r, 1966 |
||
| 100 | 1 |
_aJennings, Jesse David, _d1909- _ecomp. _926034 |
|
| 245 | 1 | 0 |
_aReadings in anthropology / _c[by] Jesse D. Jennings [and] E. Adamson Hoebel. |
| 250 | _a2a ed. | ||
| 260 |
_aNew York, : _bMcGraw-Hill, _c1966. |
||
| 300 |
_a489 p. : ; _c26 cm. |
||
| 500 | _aEarlier editions entered under E. A. Hoebel. | ||
| 650 | 0 |
_aAntropología _985431 |
|
| 700 | 1 |
_aHoebel, E. Adamson _q(Edward Adamson), _d1906- _ecomp. _tReadings in anthropology. _926036 |
|
| 910 | _aCatalogación derivada | ||
| 049 | _aBNGR | ||
| 999 |
_c10534 _d10534 |
||